00194nam a22000857a 4500020001800000100001500018245003300033260003100066300001100097 a9780439895965 aAbby Klein aReady, Freddy Ready Set Snow aNew YorkbScholasticc2009 a94 pgs